Statistics for Name the NASA Mars Rovers

Click here to take the quiz!

General Stats

  • This quiz has been taken 146 times
  • The average score is 4 of 5

Answer Stats

Rover% Correct
Curiosity
90%
Perseverance
74%
Opportunity
73%
Spirit
70%
Sojourner
52%

Score Distribution

Percentile by Number Answered

Percent of People with Each Score

Your Score History

You have not taken this quiz